|
|
|
|
| LEADER |
00000nam0a2200000 4500 |
| 001 |
309088 |
| 005 |
20231102002145.0 |
| 035 |
|
|
|a (RuTPU)RU\TPU\book\334410
|
| 090 |
|
|
|a 309088
|
| 100 |
|
|
|a 20151110d1981 km y0rusy50 ca
|
| 101 |
1 |
|
|a rus
|c eng
|
| 102 |
|
|
|a RU
|
| 105 |
|
|
|a a z 001zy
|
| 200 |
1 |
|
|a Дифференциальная геометрия финслеровых пространств
|e пер. с англ.
|f Х. Рунд
|g под ред. Э. Г. Поздняка
|
| 210 |
|
|
|a Москва
|c Наука
|d 1981
|
| 215 |
|
|
|a 504 с.
|c ил.
|
| 320 |
|
|
|a Предм. указ.: с. 498-501
|
| 320 |
|
|
|a Библиогр.: с. 472-497
|
| 606 |
1 |
|
|a Дифференциальная геометрия
|2 stltpush
|3 (RuTPU)RU\TPU\subj\67367
|9 83193
|
| 610 |
1 |
|
|a финслеровы пространства
|
| 610 |
1 |
|
|a пространства Минковского
|
| 610 |
1 |
|
|a вариационное исчисление
|
| 610 |
1 |
|
|a ковариантное дифференцирование
|
| 610 |
1 |
|
|a евклидова связность
|
| 610 |
1 |
|
|a теория кривизны
|
| 610 |
1 |
|
|a подпространства
|
| 610 |
1 |
|
|a теория Гамильтона-Якоби
|
| 675 |
|
|
|a 514.7
|v 4
|
| 700 |
|
1 |
|a Рунд
|b Х.
|g Ханно
|
| 702 |
|
1 |
|a Поздняк
|b Э. Г.
|4 340
|
| 801 |
|
1 |
|a RU
|b 63413507
|c 20151110
|
| 801 |
|
2 |
|a RU
|b 63413507
|c 20191028
|g RCR
|
| 942 |
|
|
|c BK
|